00223nam a2200085Ia 4500008004100000100002000041245002500061260004200086260000900128170620s9999 xx 000 0 und d aAmala- P. Annie 0aHistory of Education bNew Delhi- Discovery Publishing House c2007